[Event "Rubinstein mem 35th"]
[Site "Polanica Zdroj"]
[Date "1998.08.17"]
[Round "1"]
[White "Leko, Peter"]
[Black "Markowski, Tomasz"]
[Result "1-0"]
[WhiteElo "2665"]
[BlackElo "2525"]

1.e4 c5 2.Nf3 g6 3.d4 Bg7 4.d5 Nf6 5.Nc3 d6 6.Be2 O-O 7.O-O e6 8.Nd2 exd5
9.exd5 Nbd7 10.Nc4 Nb6 11.Ne3 Ne8 12.a4 f5 13.a5 Nd7 14.Nc4 Ne5 15.Bf4 Nxc4
16.Bxc4 g5 17.Bd2 h6 18.Qe2 Bd7 19.Rfe1 Nc7 20.Rab1 Re8 21.Qd3 Qf6 22.Nb5 Nxb5
23.Bxb5 Bxb5 24.Qxb5 Qf7 25.c4 Be5 26.Bc3 Bxc3 27.bxc3 f4 28.Re6 Rxe6 29.dxe6 Qxe6
30.Qxb7 Re8 31.h3 Qxc4 32.Qd7 Qe6 33.Qxa7 f3 34.gxf3 Qf7 35.Qxf7+ Kxf7 36.a6 Ra8
37.Ra1 Ke6 38.f4 gxf4 39.Kg2 Kd5 40.Kf3 Kc4 41.Ke4 Kxc3 42.Kd5 Kd2 43.Ra2+ Kd3
44.Ra3+ Ke2 45.f3 Kf2 46.a7 Kg3 47.Kc6 Kxh3 48.Kb7 Rf8 49.a8=Q Rxa8 50.Rxa8 Kg3
51.Kc6 h5 52.Kxd6 Kxf3 53.Ke5 c4 54.Ra3+ Kg4 55.Ke4 h4 56.Ra8 Kg3 57.Rg8+ Kf2
58.Kxf4 h3 59.Ra8 Ke2 60.Ke4 Kf2 61.Kf4 Ke2 62.Rc8 Kd3 63.Kf3 h2 64.Rd8+ Kc2
65.Rh8 Kd3 66.Kf2 Kd2 67.Rxh2 c3 68.Kf1+ Kd1 69.Rh8 c2 70.Rd8+ Kc1 71.Ke2  1-0

[Event "Rubinstein mem 35th"]
[Site "Polanica Zdroj"]
[Date "1998.08.17"]
[Round "1"]
[White "Rublevsky, Sergei"]
[Black "Macieja, Bartlomiej"]
[Result "1-0"]
[WhiteElo "2685"]
[BlackElo "2490"]

1.e4 e5 2.Nf3 Nc6 3.d4 exd4 4.Nxd4 Bc5 5.Be3 Qf6 6.c3 Nge7 7.Bc4 Ne5 8.Be2 Qg6
9.O-O d6 10.Kh1 Ng4 11.Bc1 Bd7 12.f4 h5 13.f5 Qf6 14.Bxg4 hxg4 15.Qxg4 Bxd4
16.cxd4 Qxd4 17.Nc3 O-O-O 18.Bf4 g6 19.Rad1 Qf6 20.Qg3 gxf5 21.e5 Qg6 22.exd6 Qxg3
23.Bxg3 cxd6 24.Rc1 Bc6 25.Nb5 Rh6 26.Rfd1 d5 27.b4 a6 28.Nd4 Kd7 29.a4 Ke8
30.Re1 Bd7 31.Rc7 Kf8 32.Rxe7 Kxe7 33.Nxf5+ Kf6 34.Nxh6 Kg6 35.Bh4 Rc8 36.Rxc8 Bxc8
37.Ng8  1-0

[Event "Rubinstein mem 35th"]
[Site "Polanica Zdroj"]
[Date "1998.08.17"]
[Round "1"]
[White "Ivanchuk, Vassily"]
[Black "Shirov, Alexei"]
[Result "1-0"]
[WhiteElo "2730"]
[BlackElo "2720"]

1.Nf3 Nf6 2.c4 g6 3.Nc3 d5 4.Qa4+ Bd7 5.Qb3 dxc4 6.Qxc4 Bg7 7.e4 O-O 8.e5 Ng4
9.d4 Nc6 10.Bf4 Na5 11.Qe2 c5 12.h3 cxd4 13.Nxd4 Nh6 14.Rd1 Qb6 15.Qd2 Nf5
16.Nxf5 Bxf5 17.Nd5 Qd8 18.Qb4 Kh8 19.Nxe7 Qb6 20.Qxb6 axb6 21.Nxf5 gxf5
22.Bb5 Nc6 23.a4 Bxe5 24.Bxe5+ Nxe5 25.Rd5 f6 26.f4 Ng6 27.O-O Rad8 28.Rxf5 Rd4
29.g3 Ne7 30.Rh5 Rdd8 31.Rf3 Nd5 32.Kf2 Nb4 33.Re3 Rd2+ 34.Re2 Rfd8 35.Rf5 Kg7
36.g4 Nc2 37.g5 fxg5 38.Rxg5+ Kf6 39.Re5 Rxe2+ 40.Rxe2 Nb4 41.Re5 Rd2+ 42.Re2 Rd1
43.b3 Nd5 44.Re4 Nc3 45.Re5 Rd4 46.Ke3 Rb4 47.Bc4 Nxa4 48.Re6+ Kg7 49.Kd4 Nc5
50.Re7+ Kf6 51.Rf7+ Kg6 52.f5+ Kg5 53.Kc3  1-0

[Event "Rubinstein mem 35th"]
[Site "Polanica Zdroj"]
[Date "1998.08.19"]
[Round "3"]
[White "Leko, Peter"]
[Black "Gelfand, Boris"]
[Result "1/2-1/2"]
[WhiteElo "2665"]
[BlackElo "2675"]

1.e4 c5 2.Nf3 Nc6 3.d4 cxd4 4.Nxd4 Nf6 5.Nc3 e5 6.Ndb5 d6 7.Bg5 a6 8.Na3 b5
9.Nd5 Be7 10.Bxf6 Bxf6 11.c3 O-O 12.Nc2 Bg5 13.a4 bxa4 14.Rxa4 a5 15.Bc4 Rb8
16.b3 Kh8 17.O-O f5 18.exf5 Bxf5 19.Nce3 Bg6 20.Be2 Bf7 21.Nc4 e4 22.Kh1 Bg8
23.Ra3 Ne7 24.Nce3 Nxd5 25.Nxd5 Rf5 26.c4 Bxd5 27.cxd5 Qb6 28.f3 Qc5 29.Qa1 Bd2
30.Ra4 e3 31.Rg4 Rf6 32.Bc4 Re8 33.Qd1 Qc8 34.Qe2 Qf5 35.g3 Rh6 36.Kg2 Rf8
37.h4 Rhf6  1/2-1/2

[Event "Rubinstein mem 35th"]
[Site "Polanica Zdroj"]
[Date "1998.08.19"]
[Round "3"]
[White "Ivanchuk, Vassily"]
[Black "Markowski, Tomasz"]
[Result "1-0"]
[WhiteElo "2730"]
[BlackElo "2525"]

1.e4 c5 2.Nf3 g6 3.d4 Bg7 4.Nc3 cxd4 5.Nxd4 Nc6 6.Be3 Nf6 7.Bc4 O-O 8.Bb3 Qc7
9.f3 a6 10.Qd2 b5 11.O-O-O Bb7 12.h4 Rac8 13.h5 Na5 14.hxg6 Nxb3+ 15.Nxb3 fxg6
16.Nc5 Bc6 17.Ne2 a5 18.Rh4 Ba8 19.Rdh1 Rf7 20.Kb1 b4 21.c3 bxc3 22.Nxc3 Bh8
23.Rc1 Bc6 24.Rhh1 Qb8 25.N5a4 Bg7 26.Nb6 Rd8 27.Rhd1 Qb7 28.e5 Ne8 29.e6 Rf8
30.Ncd5 Bxd5 31.Qxd5 Qxd5 32.Nxd5 Rb8 33.Nxe7+ Kh8 34.Rc2 dxe6 35.Rh1 Rf7
36.Nxg6+ Kg8 37.Nf4 Rfb7 38.Nd3 Nc7 39.Bf4 Nb5 40.Bxb8 Na3+ 41.Kc1 Nxc2 42.Kxc2 Rxb8
43.Rh5 e5 44.Kd2  1-0

[Event "Rubinstein mem 35th"]
[Site "Polanica Zdroj"]
[Date "1998.08.20"]
[Round "4"]
[White "Macieja, Bartlomiej"]
[Black "Karpov, Anatoly"]
[Result "0-1"]
[WhiteElo "2490"]
[BlackElo "2725"]

1.e4 c6 2.d4 d5 3.Nc3 dxe4 4.Nxe4 Bf5 5.Ng3 Bg6 6.h4 h6 7.Nf3 Nf6 8.h5 Bh7
9.Bd3 Bxd3 10.Qxd3 e6 11.Bd2 Be7 12.O-O-O Nbd7 13.Kb1 O-O 14.Qe2 c5 15.c4 cxd4
16.Nxd4 Qb6 17.Bc3 Bb4 18.Nb5 Bxc3 19.Nxc3 Nc5 20.Rd2 Rad8 21.Rhd1 Rxd2 22.Rxd2 Qc6
23.Qf3 Qxf3 24.gxf3 Rc8 25.b3 Kf8 26.Nce4 Ke7 27.Nxf6 gxf6 28.Kc2 f5 29.f4 Nd7
30.Kd3 Rc6 31.Ke3 Nf6 32.f3 Rc8 33.Rd1 a6 34.a4 b5 35.axb5 axb5 36.cxb5 Rb8
37.Kd4 Nd5 38.Re1 Kd6 39.Kc4 Rc8+ 40.Kd4 Nc3 41.Ne2 Nxb5+ 42.Kd3 Nc7 43.Nc3 Na6
44.Ra1 Nb4+ 45.Kd2 Nc6 46.Ra4 Rb8 47.Kc2 Rb4 48.Rxb4 Nxb4+ 49.Kd2 Kc5 50.Na4+ Kd4
51.Nc3 Nc6 52.Na4 Na5 53.b4 Nc4+ 54.Ke2 Ne3 55.Nc5 Nd5 56.Nd3 f6 57.Nc5 Nxf4+
58.Kf2 Kc4 59.Ke3 Kxb4 60.Nd7 Nxh5 61.Nf8 e5  0-1

[Event "Rubinstein mem 35th"]
[Site "Polanica Zdroj"]
[Date "1998.08.24"]
[Round "7"]
[White "Karpov, Anatoly"]
[Black "Leko, Peter"]
[Result "1/2-1/2"]
[WhiteElo "2725"]
[BlackElo "2665"]

1.Nf3 c5 2.c4 Nf6 3.Nc3 d5 4.cxd5 Nxd5 5.d4 Nxc3 6.bxc3 g6 7.e3 Bg7 8.Bb5+ Bd7
9.Bd3 O-O 10.O-O Nc6 11.Rb1 Qc7 12.h3 Rfd8 13.Qe2 Be8 14.Ba3 b6 15.Rfc1 Rac8
16.Ba6 Rb8 17.Nd2 Na5 18.Nb3 Nxb3 19.axb3 Bc6 20.Ra1 e6 21.Ra2 Bd5 22.Bc4 Qc6
23.Qf1 a5 24.Bb5 Qc7 25.Rb2 Qa7 26.Rd1 Qc7 27.Rbb1 cxd4 28.cxd4 e5 29.dxe5 Qxe5  1/2-1/2

[Event "Rubinstein mem 35th"]
[Site "Polanica Zdroj"]
[Date "1998.08.24"]
[Round "7"]
[White "Krasenkow, Michal"]
[Black "Rublevsky, Sergei"]
[Result "1/2-1/2"]
[WhiteElo "2655"]
[BlackElo "2685"]

1.Nf3 d5 2.d4 e6 3.c4 dxc4 4.e4 b5 5.a4 c6 6.axb5 cxb5 7.b3 Bb7 8.bxc4 Bxe4
9.cxb5 Nf6 10.Be2 Nbd7 11.O-O Be7 12.Nc3 Bb7 13.Ne5 Qc7 14.Nc6 Bxc6 15.bxc6 Qxc6
16.Qb3 Qb6 17.Qxb6 Nxb6  1/2-1/2

[Event "Rubinstein mem 35th"]
[Site "Polanica Zdroj"]
[Date "1998.08.24"]
[Round "7"]
[White "Ivanchuk, Vassily"]
[Black "Gelfand, Boris"]
[Result "1/2-1/2"]
[WhiteElo "2730"]
[BlackElo "2675"]

1.e4 c5 2.Nf3 Nc6 3.Bb5 g6 4.Bxc6 dxc6 5.d3 Bg4 6.Nbd2 Bg7 7.h3 Bxf3 8.Nxf3 Nf6
9.Be3 Nd7 10.Qd2 b6 11.d4 cxd4 12.Bxd4 e5 13.Be3 Nf8 14.O-O-O Ne6 15.h4 Qxd2+
16.Rxd2 Ke7 17.Ng5 Rad8 18.Nxe6 Kxe6 19.Rxd8 Rxd8 20.h5 b5 21.hxg6  1/2-1/2

[Event "Rubinstein mem 35th"]
[Site "Polanica Zdroj"]
[Date "1998.08.24"]
[Round "7"]
[White "Macieja, Bartlomiej"]
[Black "Markowski, Tomasz"]
[Result "1-0"]
[WhiteElo "2490"]
[BlackElo "2525"]

1.e4 b6 2.d4 Bb7 3.Bd3 e6 4.Nf3 c5 5.c3 Nf6 6.Qe2 Be7 7.O-O d6 8.Bf4 Nh5
9.Be3 Nf6 10.Nbd2 Nc6 11.h3 O-O 12.a3 Re8 13.Rfd1 cxd4 14.cxd4 a6 15.Rac1 b5
16.Bg5 Nh5 17.Bxe7 Nxe7 18.g3 Ng6 19.Bb1 Qb6 20.Ng5 Nf6 21.e5 Nd7 22.Bxg6 hxg6
23.Nde4 dxe5 24.dxe5 Nxe5 25.Nd6 Nc4 26.Nxe8 Rxe8 27.b3 Nd6 28.Qe3 Qxe3 29.fxe3 Bd5
30.Rc7 a5 31.Rd7 Ne4 32.Nxe4 Bxe4 33.Rd8 Kf8 34.R1d7 Rxd8 35.Rxd8+ Ke7 36.Rb8 Bc6
37.Rb6 Kd6 38.Ra6 a4 39.bxa4 bxa4 40.Ra7 Be8 41.h4 e5 42.Kf2  1-0

[Event "Rubinstein mem 35th"]
[Site "Polanica Zdroj"]
[Date "1998.08.25"]
[Round "8"]
[White "Rublevsky, Sergei"]
[Black "Karpov, Anatoly"]
[Result "1-0"]
[WhiteElo "2685"]
[BlackElo "2725"]

1.e4 c6 2.d4 d5 3.Nd2 dxe4 4.Nxe4 Nd7 5.Bc4 Ngf6 6.Ng5 e6 7.Qe2 Nb6 8.Bd3 h6
9.N5f3 c5 10.Be3 Nbd5 11.Ne5 a6 12.Ngf3 Qc7 13.O-O cxd4 14.Bxd4 Bc5 15.Bb5+ Kf8
16.Bxc5+ Qxc5 17.Bc4 g6 18.Bxd5 Nxd5 19.c4 Nf6 20.a3 Bd7 21.Rfd1 Be8 22.b4 Qe7
23.Qb2 Kg8 24.Rd4 Kh7 25.Rad1 Rf8 26.R1d3 Rc8 27.h3 Rc7 28.Qd2 Kg7 29.Rd8 Ng8
30.R3d6 Ba4 31.Rxf8 Qxf8 32.Qd4 Kh7 33.Rd8 Qe7 34.c5 Be8 35.Qd6 Ba4 36.Rf8 f6
37.Rf7+ Qxf7 38.Nxf7 Rxf7 39.Qxe6 Rd7 40.Kh2 h5 41.Qe3 Ne7 42.Nd2 Nf5 43.Qc3 Bc6
44.Nc4 Kg7 45.Na5 Bb5 46.Qa1 Ba4 47.Nc4 Rd8 48.Qe1 Rd7 49.Qe6 Bc6 50.Na5 Re7
51.Qc8 Re8 52.Qc7+ Re7 53.Qb8 Rd7 54.Qc8 Ne7 55.Qb8 Kf7 56.a4 h4 57.Nxc6 Nxc6
58.Qh8 Ke7 59.Qg8 g5 60.b5 axb5 61.axb5 Nd8 62.Qh7+ Nf7 63.f4 Rd4 64.fxg5 fxg5
65.Qg6 Rd7 66.Qb6 Ke8 67.c6 bxc6 68.bxc6 Rd8 69.c7  1-0

[Event "Rubinstein mem 35th"]
[Site "Polanica Zdroj"]
[Date "1998.08.25"]
[Round "8"]
[White "Leko, Peter"]
[Black "Shirov, Alexei"]
[Result "1/2-1/2"]
[WhiteElo "2665"]
[BlackElo "2720"]

1.e4 c5 2.Nf3 d6 3.d4 Nf6 4.Nc3 cxd4 5.Nxd4 a6 6.Be3 e6 7.g4 h6 8.f4 e5 9.Nf5 h5
10.g5 Nxe4 11.Nxe4 Bxf5 12.Bg2 Nc6 13.O-O Qd7 14.fxe5 Nxe5 15.Bf4 Be7 16.Nxd6+ Bxd6
17.Bxe5 Bxe5 18.Qxd7+ Kxd7 19.Rxf5 f6 20.Bxb7 Ra7 21.Bd5 Bxb2 22.Rd1 Be5
23.gxf6 gxf6 24.Rxh5 Rxh5 25.Bf7+ Kc6 26.Bxh5  1/2-1/2

[Event "Rubinstein mem 35th"]
[Site "Polanica Zdroj"]
[Date "1998.08.26"]
[Round "9"]
[White "Krasenkow, Michal"]
[Black "Gelfand, Boris"]
[Result "1/2-1/2"]
[WhiteElo "2655"]
[BlackElo "2675"]

1.d4 Nf6 2.c4 e6 3.Nf3 b6 4.a3 Bb7 5.Nc3 d5 6.cxd5 Nxd5 7.Bd2 Nd7 8.Nxd5 exd5
9.g3 Bd6 10.Bg5 Be7 11.Bxe7 Qxe7 12.Rc1 c5 13.dxc5 bxc5 14.Bh3 Nb6 15.b4 cxb4
16.Qd4 O-O 17.Qxb4 Qxb4+ 18.axb4 a5 19.bxa5 Rxa5 20.O-O Ba6 21.Nd4 Bc4 22.Rb1 Ra6
23.Rb4 g6 24.Rc1 Rfa8 25.Bf1  1/2-1/2